[Event "GER-ch U25-A"]
[Site "Willingen"]
[Date "2023.06.01"]
[Round "7"]
[White "Seitz, Manuel"]
[Black "Albayrak, Berrak"]
[Result "1-0"]
[WhiteElo "1791"]
[BlackElo "1664"]
[PlyCount "103"]
[EventDate "2023.05.27"]
[EventType "swiss"]
[EventRounds "9"]
[EventCountry "GER"]
[SourceTitle "CBM 214 Extra"]
[Source "ChessBase"]
[SourceDate "2023.07.31"]
[SourceVersion "1"]
[SourceVersionDate "2023.07.31"]
[SourceQuality "1"]

1. e4 d6 2. d4 g6 3. Nc3 Bg7 4. f4 Nf6 5. Nf3 0-0 6. Bd3 c5 7. dxc5 dxc5 8. e5 Nd5 9. Nxd5 Qxd5 10. Qe2 Nc6 11. Be4 Qd8 12. Be3 Nd4 13. Nxd4 cxd4 14. Bf2 Qa5+ 15. Qd2 Qxd2+ 16. Kxd2 Rd8 17. Rad1 f6 18. exf6 Bxf6 19. Kc1 Rb8 20. h3 Be6 21. Rd2 Rd7 22. Rhd1 Rc8 23. b3 Rdc7 24. Bxd4 b6 25. Bxf6 exf6 26. Rd8+ Rxd8 27. Rxd8+ Kf7 28. Rd4 Rc3 29. Kd2 Rc5 30. Kd3 Ke7 31. a4 a5 32. b4 Rc7 33. c3 Bb3 34. bxa5 bxa5 35. Bd5 Bxd5 36. Rxd5 Ra7 37. Kc4 Rc7+ 38. Rc5 Ra7 39. Kb5 Kd6 40. Rc6+ Kd5 41. Rxf6 Rb7+ 42. Rb6 Rc7 43. Kxa5 Rxc3 44. Ka6 Rg3 45. Rb2 Ke4 46. a5 Rd3 47. Ka7 Ke3 48. a6 Rd2 49. Rxd2 Kxd2 50. Kb7 Ke3 51. a7 Kxf4 52. a8Q 1-0

[Event "GER-ch U25-A"]
[Site "Willingen"]
[Date "2023.05.28"]
[Round "2"]
[White "Brunner, Tobias"]
[Black "Seitz, Manuel"]
[Result "1/2-1/2"]
[WhiteElo "2017"]
[BlackElo "1791"]
[PlyCount "46"]
[EventDate "2023.05.27"]
[EventType "swiss"]
[EventRounds "9"]
[EventCountry "GER"]
[SourceTitle "CBM 214 Extra"]
[Source "ChessBase"]
[SourceDate "2023.07.31"]
[SourceVersion "1"]
[SourceVersionDate "2023.07.31"]
[SourceQuality "1"]

1. e4 e5 2. Bc4 Nf6 3. d3 Nc6 4. Bg5 h6 5. Bh4 Be7 6. Nc3 0-0 7. Bg3 Bc5 8. Nge2 d6 9. Na4 Bb6 10. Nxb6 axb6 11. f4 exf4 12. Nxf4 Na5 13. Bb3 Nxb3 14. cxb3 Bg4 15. Qc2 Nh5 16. Nxh5 Bxh5 17. 0-0 Qe7 18. a3 Bg6 19. Rae1 Rac8 20. Qc3 Qg5 21. Bf4 Qc5+ 22. d4 Qxc3 23. bxc3 f6 1/2-1/2

[Event "GER-ch Net blitz qual3"]
[Site "Playchess.com INT"]
[Date "2021.05.07"]
[Round "6"]
[White "Daeuber, Andreas"]
[Black "Seitz, Manuel"]
[Result "1/2-1/2"]
[WhiteElo "1666"]
[BlackElo "1844"]
[PlyCount "69"]
[EventDate "2021.05.07"]
[EventType "swiss (blitz)"]
[EventRounds "11"]
[EventCountry "GER"]
[SourceTitle "CBM 202 Extra"]
[Source "ChessBase"]
[SourceDate "2021.07.31"]
[SourceVersion "1"]
[SourceVersionDate "2021.07.31"]
[SourceQuality "1"]

1. d4 Nf6 2. c4 e5 3. d5 Bc5 4. Nc3 0-0 5. e4 d6 6. Be2 c6 7. Nf3 cxd5 8. cxd5 Bg4 9. 0-0 Nbd7 10. h3 Bh5 11. Nh2 Bxe2 12. Qxe2 Qb6 13. a3 Rac8 14. Na4 Qc7 15. Bg5 h6 16. Bxf6 Nxf6 17. Rac1 Qa5 18. Nxc5 Rxc5 19. b4 Qb5 20. Qxb5 Rxb5 21. f3 a5 22. Rc4 axb4 23. axb4 Ra8 24. Rfc1 Ra4 25. Rb1 Nd7 26. Rc8+ Kh7 27. Rc7 Nf6 28. Rc4 Kg6 29. Ng4 Nd7 30. Ne3 Nb6 31. Rc7 Na8 32. Rc8 Nb6 33. Rc7 Na8 34. Rc4 Nb6 35. Rc7 1/2-1/2

[Event "GER-ch Net blitz qual3"]
[Site "Playchess.com INT"]
[Date "2021.05.07"]
[Round "5"]
[White "Heyartz, Wolfgang"]
[Black "Seitz, Manuel"]
[Result "1-0"]
[WhiteElo "1733"]
[BlackElo "1844"]
[PlyCount "83"]
[EventDate "2021.05.07"]
[EventType "swiss (blitz)"]
[EventRounds "11"]
[EventCountry "GER"]
[SourceTitle "CBM 202 Extra"]
[Source "ChessBase"]
[SourceDate "2021.07.31"]
[SourceVersion "1"]
[SourceVersionDate "2021.07.31"]
[SourceQuality "1"]

1. e4 e5 2. Nf3 Nc6 3. d4 exd4 4. Nxd4 Nf6 5. Nc3 Bb4 6. Nxc6 bxc6 7. Bd3 d5 8. exd5 cxd5 9. Bb5+ Bd7 10. Qe2+ Qe7 11. Qxe7+ Kxe7 12. Bxd7 Kxd7 13. Bd2 Rae8+ 14. Ne2 Bxd2+ 15. Kxd2 Ne4+ 16. Ke1 Rb8 17. f3 Nd6 18. b3 Rhe8 19. Kf2 c5 20. Rhe1 Kc6 21. a4 Nf5 22. g4 Nd6 23. Rad1 g5 24. Ng3 h6 25. Nh5 c4 26. Nf6 cxb3 27. Nxe8 bxc2 28. Rc1 Nxe8 29. Rxc2+ Kd6 30. Rec1 Rb4 31. a5 Ke5 32. Re1+ Kd6 33. Rxe8 Ra4 34. Rd8+ Ke7 35. Rh8 d4 36. Rxh6 Rxa5 37. Rd2 Rd5 38. Ra6 Rd7 39. Ra4 a5 40. Rdxd4 Rxd4 41. Rxd4 Ke6 42. Ra4 1-0

[Event "GER-ch Net blitz qual3"]
[Site "Playchess.com INT"]
[Date "2021.05.07"]
[Round "3"]
[White "Lenze, Thomas"]
[Black "Seitz, Manuel"]
[Result "0-1"]
[WhiteElo "1668"]
[BlackElo "1844"]
[PlyCount "64"]
[EventDate "2021.05.07"]
[EventType "swiss (blitz)"]
[EventRounds "11"]
[EventCountry "GER"]
[SourceTitle "CBM 202 Extra"]
[Source "ChessBase"]
[SourceDate "2021.07.31"]
[SourceVersion "1"]
[SourceVersionDate "2021.07.31"]
[SourceQuality "1"]

1. e4 e5 2. Nf3 Nc6 3. Bc4 Nf6 4. 0-0 Bc5 5. Re1 d6 6. h3 0-0 7. c3 a5 8. d4 exd4 9. cxd4 Bb6 10. Nc3 Ne7 11. Bg5 Ng6 12. e5 dxe5 13. dxe5 Qxd1 14. Raxd1 Nd7 15. Bf4 Nxf4 16. Re4 Ne6 17. Nd5 Ndc5 18. Rh4 Bd7 19. a3 Bc6 20. Ne7+ Kh8 21. b4 axb4 22. axb4 Ne4 23. b5 Bxf2+ 24. Kf1 Bxh4 25. Nxh4 Be8 26. Nhf5 g6 27. Nh6 Ra4 28. Bb3 Bxb5+ 29. Kg1 Rb4 30. Bc2 Ng3 31. Nd5 Rb2 32. Ne3 Nf5 0-1

[Event "GER-ch Net blitz qual3"]
[Site "Playchess.com INT"]
[Date "2021.05.07"]
[Round "1"]
[White "Schenk, Michael"]
[Black "Seitz, Manuel"]
[Result "0-1"]
[WhiteElo "1474"]
[BlackElo "1844"]
[PlyCount "84"]
[EventDate "2021.05.07"]
[EventType "swiss (blitz)"]
[EventRounds "11"]
[EventCountry "GER"]
[SourceTitle "CBM 202 Extra"]
[Source "ChessBase"]
[SourceDate "2021.07.31"]
[SourceVersion "1"]
[SourceVersionDate "2021.07.31"]
[SourceQuality "1"]

1. e4 e5 2. f4 exf4 3. Nf3 d6 4. Bc4 Be6 5. Bxe6 fxe6 6. 0-0 e5 7. d4 Nf6 8. dxe5 dxe5 9. Qxd8+ Kxd8 10. Nc3 Bd6 11. Ng5 Ke7 12. Nd5+ Nxd5 13. exd5 h6 14. Ne4 Nd7 15. Bd2 g5 16. Rae1 Rac8 17. Bc3 Nf6 18. Nxd6 cxd6 19. h4 Nxd5 20. hxg5 hxg5 21. g3 Nxc3 22. bxc3 Rxc3 23. gxf4 gxf4 24. Re2 Rg8+ 25. Kf2 Rgg3 26. Ke1 Rce3 27. Rh1 Rxe2+ 28. Kxe2 Rg2+ 29. Kd3 Rg3+ 30. Ke4 Kd8 31. Kd5 Kc7 32. Rh7+ Kb6 33. Kxd6 e4 34. Ke5 Rc3 35. Kxe4 Rxc2 36. Kxf4 Rxa2 37. Rh6+ Ka5 38. Ke4 Rd2 39. Ke3 Rd7 40. Rh5+ b5 41. Rc5 Kb4 42. Rc8 a5 0-1

[Event "GER-ch Net blitz qual2"]
[Site "Playchess.com INT"]
[Date "2021.05.04"]
[Round "2"]
[White "Leonforte, Aurelius"]
[Black "Seitz, Manuel"]
[Result "0-1"]
[WhiteElo "1618"]
[BlackElo "1752"]
[PlyCount "114"]
[EventDate "2021.05.04"]
[EventType "swiss (blitz)"]
[EventRounds "11"]
[EventCountry "GER"]
[SourceTitle "CBM 202 Extra"]
[Source "ChessBase"]
[SourceDate "2021.07.31"]
[SourceVersion "1"]
[SourceVersionDate "2021.07.31"]
[SourceQuality "1"]

1. b4 d5 2. Nf3 e6 3. a3 c5 4. c3 Nf6 5. e3 Be7 6. Be2 0-0 7. 0-0 c4 8. d3 b5 9. a4 bxa4 10. Rxa4 Bd7 11. Ra3 Bb5 12. dxc4 Bxc4 13. Bxc4 dxc4 14. Qxd8 Rxd8 15. Nbd2 Rc8 16. Ne5 Nbd7 17. Nexc4 Nb6 18. Nxb6 axb6 19. Rxa8 Rxa8 20. Nc4 Rc8 21. Nxb6 Rxc3 22. Bd2 Rb3 23. Rc1 h6 24. g3 Bxb4 25. Bxb4 Rxb4 26. Nc4 Nd5 27. Kg2 Rb8 28. e4 Nf6 29. Re1 Rb4 30. Nd6 Rd4 31. e5 Nd5 32. Nb5 Rd2 33. Kf3 Kh7 34. Re2 Rxe2 35. Kxe2 Kg6 36. Nd4 Ne7 37. Kd3 Nf5 38. Nxf5 Kxf5 39. f4 Kg4 40. Ke3 Kh3 41. Kf3 Kxh2 42. g4 Kh3 43. f5 Kh4 44. Kf4 g6 45. fxe6 fxe6 46. Kf3 Kg5 47. Ke4 Kxg4 48. Kd4 h5 49. Kc5 Kf5 50. Kd6 h4 51. Ke7 h3 52. Kd7 h2 53. Ke8 h1Q 54. Ke7 Qe4 55. Kd7 Qxe5 56. Ke7 Qa5 57. Kd7 Qa7+ 0-1

[Event "GER-ch Net blitz qual2"]
[Site "Playchess.com INT"]
[Date "2021.05.04"]
[Round "4"]
[White "Perestjuk, Marko"]
[Black "Seitz, Manuel"]
[Result "1-0"]
[WhiteElo "1964"]
[BlackElo "1752"]
[PlyCount "73"]
[EventDate "2021.05.04"]
[EventType "swiss (blitz)"]
[EventRounds "11"]
[EventCountry "GER"]
[SourceTitle "CBM 202 Extra"]
[Source "ChessBase"]
[SourceDate "2021.07.31"]
[SourceVersion "1"]
[SourceVersionDate "2021.07.31"]
[SourceQuality "1"]

1. c4 c5 2. g3 g6 3. Bg2 Bg7 4. Nf3 e6 5. Nc3 Nc6 6. h4 h5 7. d3 Nge7 8. 0-0 0-0 9. Ne4 b6 10. Rb1 d5 11. cxd5 exd5 12. Neg5 Bf5 13. b3 Qd7 14. Kh2 Ne5 15. Nxe5 Bxe5 16. Bb2 Bxb2 17. Rxb2 Rad8 18. Qd2 d4 19. b4 Be6 20. bxc5 bxc5 21. Rb7 Qe8 22. Nxe6 fxe6 23. Rxa7 Rd7 24. Rxd7 Qxd7 25. Ra1 Rxf2 26. Kg1 Rf8 27. a4 Nf5 28. Qg5 Kh7 29. a5 Ne3 30. Be4 Qf7 31. Bf3 Qf5 32. Qxf5 Nxf5 33. a6 Nxg3 34. a7 Nxe2+ 35. Bxe2 Ra8 36. Bf3 Rxa7 37. Rxa7+ 1-0

[Event "GER-ch Net blitz qual2"]
[Site "Playchess.com INT"]
[Date "2021.05.04"]
[Round "5"]
[White "Seitz, Manuel"]
[Black "Gallasch, Robin"]
[Result "1-0"]
[WhiteElo "1752"]
[BlackElo "1944"]
[PlyCount "95"]
[EventDate "2021.05.04"]
[EventType "swiss (blitz)"]
[EventRounds "11"]
[EventCountry "GER"]
[SourceTitle "CBM 202 Extra"]
[Source "ChessBase"]
[SourceDate "2021.07.31"]
[SourceVersion "1"]
[SourceVersionDate "2021.07.31"]
[SourceQuality "1"]

1. e4 c6 2. d4 d5 3. exd5 cxd5 4. Bd3 Nc6 5. c3 Qc7 6. Ne2 Bg4 7. 0-0 e6 8. Qe1 Bd6 9. Ng3 Nge7 10. h3 Bxg3 11. fxg3 Bh5 12. Bf4 Qb6 13. Qf2 0-0 14. Bd6 Rad8 15. Bc5 Qc7 16. g4 Bg6 17. Bxg6 fxg6 18. Qe2 Rxf1+ 19. Qxf1 Rf8 20. Qe2 b6 21. Qxe6+ Kh8 22. Bd6 Qd8 23. Nd2 Rf6 24. Bxe7 Nxe7 25. Qe3 Nc6 26. Re1 h6 27. Qe8+ Kh7 28. Qxd8 Nxd8 29. Re7 Nc6 30. Rd7 Re6 31. Kf2 Ne7 32. Rxa7 g5 33. Nf3 Ng6 34. Rd7 Nf4 35. Ne5 b5 36. g3 Nxh3+ 37. Kg2 Ra6 38. a3 b4 39. Kxh3 bxa3 40. bxa3 Rxa3 41. c4 dxc4 42. Nxc4 Ra1 43. Ne5 Rd1 44. d5 Kg8 45. d6 Kf8 46. Rf7+ Ke8 47. d7+ Kd8 48. Rxg7 1-0

[Event "GER-ch Net blitz qual2"]
[Site "Playchess.com INT"]
[Date "2021.05.04"]
[Round "3"]
[White "Seitz, Manuel"]
[Black "Noetzel, Felix"]
[Result "1-0"]
[WhiteElo "1752"]
[BlackElo "1962"]
[PlyCount "29"]
[EventDate "2021.05.04"]
[EventType "swiss (blitz)"]
[EventRounds "11"]
[EventCountry "GER"]
[SourceTitle "CBM 202 Extra"]
[Source "ChessBase"]
[SourceDate "2021.07.31"]
[SourceVersion "1"]
[SourceVersionDate "2021.07.31"]
[SourceQuality "1"]

1. e4 c5 2. f4 Nc6 3. Nf3 g6 4. Bb5 Bg7 5. 0-0 e6 6. Bxc6 dxc6 7. d3 Ne7 8. Nc3 0-0 9. Be3 b6 10. e5 Nd5 11. Qe2 Nxe3 12. Qxe3 Ba6 13. Ne4 c4 14. dxc4 Bb5 15. cxb5 1-0

[Event "GER-ch Net blitz qual2"]
[Site "Playchess.com INT"]
[Date "2021.05.04"]
[Round "7"]
[White "Tiarks, Jann Christian"]
[Black "Seitz, Manuel"]
[Result "1-0"]
[WhiteElo "2157"]
[BlackElo "1752"]
[PlyCount "93"]
[EventDate "2021.05.04"]
[EventType "swiss (blitz)"]
[EventRounds "11"]
[EventCountry "GER"]
[SourceTitle "CBM 202 Extra"]
[Source "ChessBase"]
[SourceDate "2021.07.31"]
[SourceVersion "1"]
[SourceVersionDate "2021.07.31"]
[SourceQuality "1"]

1. e4 e5 2. Nf3 Nc6 3. d4 exd4 4. Nxd4 Nf6 5. Nc3 Bb4 6. Nxc6 bxc6 7. Bd3 0-0 8. 0-0 d6 9. h3 Rb8 10. Qf3 d5 11. exd5 cxd5 12. Bf4 Bd6 13. b3 Bxf4 14. Qxf4 Be6 15. Rfe1 c6 16. Ne2 Re8 17. Rad1 Qa5 18. a4 Qb4 19. Qg3 Rbd8 20. Nf4 Qd6 21. Qh4 h6 22. Qg3 Qd7 23. Re2 Bf5 24. Rde1 Bxd3 25. Nxd3 Ne4 26. Qf4 Qd6 27. Qf5 Qf6 28. Qg4 Kf8 29. f3 Nd6 30. Rxe8+ Rxe8 31. Rxe8+ Kxe8 32. Qb4 Kd7 33. Nc5+ Ke7 34. Nd3 Qe6 35. Qb8 Qe3+ 36. Kh2 Ke6 37. Qc7 Qd2 38. Qxc6 Ke7 39. Qc7+ Ke6 40. Nc5+ Ke5 41. Qe7+ Kd4 42. Qxd6 Qxc2 43. b4 Qf5 44. Ne4 g5 45. Qc5+ Ke5 46. Ng3 Qf4 47. Qc7+ 1-0

[Event "GER-ch Net blitz qual1"]
[Site "Playchess.com INT"]
[Date "2021.04.24"]
[Round "5"]
[White "Noetzel, Felix"]
[Black "Seitz, Manuel"]
[Result "1-0"]
[WhiteElo "1851"]
[BlackElo "1620"]
[PlyCount "77"]
[EventDate "2021.04.24"]
[EventType "swiss (blitz)"]
[EventRounds "11"]
[EventCountry "GER"]
[SourceTitle "CBM 202 Extra"]
[Source "ChessBase"]
[SourceDate "2021.07.31"]
[SourceVersion "1"]
[SourceVersionDate "2021.07.31"]
[SourceQuality "1"]

1. c4 c5 2. Nf3 g6 3. d4 Bg7 4. e4 e6 5. Nc3 Ne7 6. Be3 d6 7. dxc5 dxc5 8. Qxd8+ Kxd8 9. 0-0-0+ Bd7 10. Bxc5 Nbc6 11. Ng5 Kc7 12. Bd6+ Kc8 13. Bxe7 Nxe7 14. Nxf7 Rf8 15. Nd6+ Kc7 16. f3 Rad8 17. Ncb5+ Kb8 18. c5 a6 19. Nd4 Nc6 20. Nxc6+ Bxc6 21. Bc4 Bd7 22. Rd3 Bh6+ 23. Kc2 Bf4 24. h3 Bxd6 25. Rxd6 Rc8 26. b4 a5 27. Rxd7 axb4 28. Bxe6 Rxc5+ 29. Kb2 Rfc8 30. Bd5 Rc2+ 31. Kb1 R8c7 32. Rxc7 Rxc7 33. Rc1 Rd7 34. Rc4 b3 35. axb3 h6 36. Kc2 g5 37. Rb4 b5 38. Rxb5+ Kc8 39. Be6 1-0

[Event "GER-ch Net blitz qual1"]
[Site "Playchess.com INT"]
[Date "2021.04.24"]
[Round "9"]
[White "Wagner, Jochen"]
[Black "Seitz, Manuel"]
[Result "0-1"]
[WhiteElo "1472"]
[BlackElo "1620"]
[PlyCount "54"]
[EventDate "2021.04.24"]
[EventType "swiss (blitz)"]
[EventRounds "11"]
[EventCountry "GER"]
[SourceTitle "CBM 202 Extra"]
[Source "ChessBase"]
[SourceDate "2021.07.31"]
[SourceVersion "1"]
[SourceVersionDate "2021.07.31"]
[SourceQuality "1"]

1. d4 Nf6 2. Bf4 g6 3. e3 Bg7 4. Bd3 0-0 5. c3 d6 6. Nd2 Nc6 7. h3 e5 8. Bh2 exd4 9. exd4 Re8+ 10. Ne2 Ne7 11. Qc2 Bf5 12. Bxf5 Nxf5 13. Qd1 Qe7 14. 0-0 Qxe2 15. Qxe2 Rxe2 16. Nf3 Rxb2 17. g4 Ne7 18. Rae1 Ned5 19. Rb1 Rxb1 20. Rxb1 Rb8 21. Rb3 Ne4 22. g5 Nexc3 23. Nd2 Bxd4 24. Nc4 Nb6 25. Nxb6 axb6 26. Rb4 Bc5 27. Rc4 Nxa2 0-1

[Event "DSOL 04 Liga Gr-A 1st"]
[Site "Playchess.com INT"]
[Date "2020.07.13"]
[Round "4.3"]
[White "Seitz, Manuel"]
[Black "Morgenstern, Martin"]
[Result "1/2-1/2"]
[WhiteElo "1698"]
[BlackElo "1882"]
[PlyCount "88"]
[EventDate "2020.06.22"]
[EventType "team-tourn (rapid)"]
[EventCountry "GER"]
[SourceTitle "EXT 2021"]
[Source "ChessBase"]
[SourceDate "2020.10.23"]
[SourceVersion "1"]
[SourceVersionDate "2020.10.23"]
[SourceQuality "1"]
[WhiteTeam "Falkensee Caissa"]
[BlackTeam "Ostertal"]
[WhiteTeamCountry "GER"]
[BlackTeamCountry "GER"]

1. e4 c5 2. f4 g6 3. d4 cxd4 4. Qxd4 Nf6 5. e5 Nc6 6. Qd3 Ng8 7. Nc3 Bg7 8. Be3 Nh6 9. h3 0-0 10. 0-0-0 Qa5 11. Qb5 f6 12. Qxa5 Nxa5 13. Nd5 Nc6 14. Bb5 Nf5 15. exf6 Bxf6 16. Nxf6+ Rxf6 17. Bf2 Nd6 18. Bxc6 bxc6 19. Ne2 Re6 20. Nc3 Ne4 21. Nxe4 Rxe4 22. Rd4 Re2 23. Rd2 Re4 24. Rd4 Re2 25. Rd2 Re6 26. Re1 Rxe1+ 27. Bxe1 d6 28. Bf2 c5 29. c3 Be6 30. a3 a5 31. Kc2 a4 32. Re2 Kf7 33. Bh4 Re8 34. Kd2 Bc4 35. Re4 d5 36. Re5 e6 37. Re1 Rb8 38. Kc1 Bd3 39. Bf2 Rc8 40. Kd2 Be4 41. g3 c4 42. Bd4 h5 43. h4 Rb8 44. Kc1 Re8 1/2-1/2

[Event "Berlin Spandau op"]
[Site "Berlin"]
[Date "2019.12.28"]
[Round "3"]
[White "Seitz, Manuel"]
[Black "Morisse, Matthieu"]
[Result "0-1"]
[WhiteElo "1780"]
[BlackElo "2014"]
[PlyCount "125"]
[EventDate "2019.12.27"]
[EventType "swiss"]
[EventRounds "7"]
[EventCountry "GER"]
[SourceTitle "CBM 194 Extra"]
[Source "ChessBase"]
[SourceDate "2020.03.31"]
[SourceVersion "1"]
[SourceVersionDate "2020.03.31"]
[SourceQuality "1"]

1. e4 e6 2. d4 d5 3. Nc3 Bb4 4. e5 Qd7 5. Qg4 f6 6. f4 f5 7. Qh5+ g6 8. Qd1 b6 9. a3 Bxc3+ 10. bxc3 Ba6 11. Bxa6 Nxa6 12. Qe2 Nb8 13. Nf3 Ne7 14. 0-0 Nec6 15. Be3 Na5 16. Nd2 Qa4 17. Qd3 Nbc6 18. Bf2 Nc4 19. Nxc4 dxc4 20. Qf3 0-0-0 21. Bh4 Rd5 22. Rfc1 Rf8 23. Bf6 Rf7 24. g4 Na5 25. gxf5 gxf5 26. Qh5 Qe8 27. Kf2 Qd7 28. Rg1 c5 29. Rad1 cxd4 30. cxd4 Rxd4 31. Qxf7 Rxf4+ 32. Ke3 Re4+ 33. Kf2 Qxf7 34. Rg7 Rf4+ 35. Ke3 Rf3+ 36. Ke2 Qxg7 37. Bxg7 Rh3 38. Rd6 Rxh2+ 39. Kd1 c3 40. Rxe6 Kd7 41. Rd6+ Ke8 42. Bf6 Rd2+ 43. Rxd2 cxd2 44. Kxd2 Nc4+ 45. Kd3 Nxa3 46. e6 Nb5 47. Ke3 Nc7 48. Kd4 Nxe6+ 49. Ke5 Kf7 50. Kxf5 Nc5 51. Bd4 Ne6 52. Be3 Nd8 53. Ke5 Ke7 54. Bf2 Nc6+ 55. Ke4 Ke6 56. Be3 b5 57. Bc5 a5 58. c3 b4 59. cxb4 axb4 60. Kd3 Kd5 61. Bf8 Ne5+ 62. Ke3 b3 63. Ba3 0-1

[Event "Berlin Spandau op"]
[Site "Berlin"]
[Date "2019.12.27"]
[Round "1"]
[White "Seitz, Manuel"]
[Black "Skibbe, Willi"]
[Result "0-1"]
[WhiteElo "1780"]
[BlackElo "2223"]
[PlyCount "88"]
[EventDate "2019.12.27"]
[EventType "swiss"]
[EventRounds "7"]
[EventCountry "GER"]
[SourceTitle "CBM 194 Extra"]
[Source "ChessBase"]
[SourceDate "2020.03.31"]
[SourceVersion "1"]
[SourceVersionDate "2020.03.31"]
[SourceQuality "1"]

1. e4 d5 2. exd5 Qxd5 3. Nc3 Qd6 4. d4 Nf6 5. Nf3 c6 6. Ne5 Nbd7 7. f4 g6 8. g4 Qc7 9. h3 Bg7 10. Bg2 Nb6 11. 0-0 0-0 12. a4 a5 13. h4 Nbd5 14. Nxd5 Nxd5 15. c4 Nb4 16. g5 Bf5 17. h5 Nc2 18. Ra2 Rad8 19. d5 cxd5 20. cxd5 Qc5+ 21. Kh2 Nb4 22. Ra3 Nxd5 23. hxg6 hxg6 24. Qe1 f6 25. Nxg6 Bxg6 26. f5 Qd6+ 27. Kh1 fxg5 28. fxg6 Rxf1+ 29. Qxf1 Qxg6 30. Rd3 e6 31. Rg3 g4 32. Qd1 Rc8 33. Bxd5 Qh5+ 34. Kg1 exd5 35. Be3 Rc4 36. b3 Re4 37. Qc1 Qf5 38. Bf2 Re2 39. Qc5 Kh7 40. Qb6 Rd2 41. Qe3 Qxf2+ 42. Qxf2 Bd4 43. Qxd4 Rxd4 44. Kf2 Kg6 0-1

[Event "Berlin Lichtenrade op 15th"]
[Site "Berlin"]
[Date "2019.10.17"]
[Round "6"]
[White "Arndt, Uwe"]
[Black "Seitz, Manuel"]
[Result "1-0"]
[WhiteElo "1942"]
[BlackElo "1809"]
[PlyCount "41"]
[EventDate "2019.10.12"]
[EventType "swiss"]
[EventRounds "9"]
[EventCountry "GER"]
[SourceTitle "CBM 195 Extra"]
[Source "ChessBase"]
[SourceDate "2020.05.31"]
[SourceVersion "1"]
[SourceVersionDate "2020.05.31"]
[SourceQuality "1"]

1. d4 Nf6 2. c4 e5 3. dxe5 Ng4 4. Bf4 Nc6 5. Nf3 Bb4+ 6. Nbd2 Qe7 7. e3 Ngxe5 8. Nxe5 Nxe5 9. Be2 d6 10. 0-0 0-0 11. Nb3 Be6 12. a3 Bxa3 13. Bxe5 dxe5 14. Rxa3 Qg5 15. Nc5 Rfe8 16. Nxe6 Rxe6 17. Qd7 Rg6 18. Bf3 Rh6 19. Rxa7 Rf8 20. Bd5 Qh5 21. h3 1-0

[Event "Berlin Lichtenberger op 18th"]
[Site "Berlin"]
[Date "2019.08.23"]
[Round "7"]
[White "Seitz, Manuel"]
[Black "Stein, Siegfried"]
[Result "1-0"]
[WhiteElo "1764"]
[BlackElo "1852"]
[PlyCount "41"]
[EventDate "2019.08.17"]
[EventType "swiss"]
[EventRounds "9"]
[EventCountry "GER"]
[SourceTitle "EXT 2020"]
[Source "ChessBase"]
[SourceDate "2019.10.17"]
[SourceVersion "1"]
[SourceVersionDate "2019.10.17"]
[SourceQuality "1"]

1. e4 e5 2. Nf3 Nc6 3. Bc4 Bc5 4. d4 Bxd4 5. Nxd4 Nxd4 6. Be3 Nf6 7. Bxd4 exd4 8. Qxd4 d6 9. Nc3 0-0 10. 0-0-0 Bd7 11. h4 Qe7 12. f3 a6 13. g4 Bc6 14. h5 Nd7 15. h6 Qe5 16. hxg7 Qxg7 17. Qe3 Ne5 18. Be2 Rae8 19. Rh5 Re6 20. f4 Nd7 21. f5 1-0

[Event "Berlin Lichtenberger op 18th"]
[Site "Berlin"]
[Date "2019.08.20"]
[Round "4"]
[White "Bornschein, Burkhard"]
[Black "Seitz, Manuel"]
[Result "1-0"]
[WhiteElo "2016"]
[BlackElo "1764"]
[PlyCount "69"]
[EventDate "2019.08.17"]
[EventType "swiss"]
[EventRounds "9"]
[EventCountry "GER"]
[SourceTitle "EXT 2020"]
[Source "ChessBase"]
[SourceDate "2019.10.17"]
[SourceVersion "1"]
[SourceVersionDate "2019.10.17"]
[SourceQuality "1"]

1. d4 Nf6 2. Nf3 g6 3. c4 Bg7 4. Nc3 d6 5. e4 0-0 6. Be2 e5 7. 0-0 Na6 8. d5 Nh5 9. Re1 f5 10. exf5 gxf5 11. Ng5 Nf6 12. f4 h6 13. Nh3 Kh8 14. Nf2 Rg8 15. Kh1 Qe8 16. g4 fxg4 17. Nxg4 Nxg4 18. Bxg4 Bxg4 19. Qxg4 Qf7 20. Bd2 Nc5 21. Qh3 Qd7 22. f5 Kh7 23. b4 Na6 24. Ne4 Raf8 25. Ng5+ Kh8 26. Ne6 Rf6 27. Bg5 Rf7 28. f6 Bf8 29. Rg1 Rh7 30. Bd2 c6 31. Rxg8+ Kxg8 32. Qg2+ Kf7 33. Rg1 Ke8 34. Nxf8 Kxf8 35. Qg8# 1-0

[Event "Berlin Werner Ott op"]
[Site "Berlin"]
[Date "2019.06.30"]
[Round "9"]
[White "Krefenstein, Sergej"]
[Black "Seitz, Manuel"]
[Result "1-0"]
[WhiteElo "2158"]
[BlackElo "1741"]
[PlyCount "45"]
[EventDate "2019.06.22"]
[EventType "swiss"]
[EventRounds "9"]
[EventCountry "GER"]
[SourceTitle "EXT 2022"]
[Source "ChessBase"]
[SourceDate "2021.10.06"]
[SourceVersion "1"]
[SourceVersionDate "2021.10.06"]
[SourceQuality "1"]

1. e4 e5 2. Nf3 Nc6 3. d4 exd4 4. Nxd4 Bc5 5. Nxc6 bxc6 6. Bd3 Nf6 7. 0-0 0-0 8. e5 Nd5 9. a3 d6 10. b4 Bb6 11. c4 Ne7 12. Bb2 Bf5 13. Bxf5 Nxf5 14. Qg4 Nh6 15. Qf3 c5 16. Rd1 Qe7 17. exd6 cxd6 18. Nc3 cxb4 19. axb4 Rac8 20. Nd5 Qd7 21. Nf6+ gxf6 22. Qxf6 Bxf2+ 23. Kh1 1-0

[Event "GER-ch U25-B"]
[Site "Willingen"]
[Date "2019.06.09"]
[Round "1"]
[White "Seitz, Manuel"]
[Black "Reuter, Marek1111"]
[Result "1-0"]
[WhiteElo "1710"]
[BlackElo "1553"]
[PlyCount "53"]
[EventDate "2019.06.08"]
[EventType "swiss"]
[EventRounds "9"]
[EventCountry "GER"]
[SourceTitle "CBM 191 Extra"]
[Source "ChessBase"]
[SourceDate "2019.09.30"]
[SourceVersion "1"]
[SourceVersionDate "2019.09.30"]
[SourceQuality "1"]

1. e4 c6 2. d4 d5 3. exd5 cxd5 4. Bd3 Nc6 5. c3 Nf6 6. Bf4 Bg4 7. Qb3 Na5 8. Qc2 e6 9. Nd2 Bd6 10. Bxd6 Qxd6 11. Ngf3 a6 12. Ne5 Bh5 13. 0-0 Nc6 14. Rfe1 0-0 15. Re3 Rfc8 16. Rae1 Nxd4 17. Qa4 Nc6 18. Qh4 Ne4 19. Bxe4 dxe4 20. Ndc4 Qd5 21. Qxh5 Nxe5 22. Nxe5 g6 23. Qg5 Kg7 24. Rh3 h5 25. Rxh5 Kf8 26. Qf6 g5 27. Qxf7# 1-0